Absurdalne wersje flag państw - Statystyki

Ogólne statystyki
  • Ten quiz został rozwiązany 34 razy
  • Średni wynik to 14 z 16
Statystyki odpowiedzi
Obrazkowy Hint Odpowiedź % Poprawnych
Liść klonu jest potrójny. Kanada
100%
50 rombów, zamiast gwiazd. Stany Zjednoczone
100%
Słońce z twarzą to teraz cool emotka 😎. Argentyna
97%
Każda mała gwiazda ma 4 malutkie gwiazdki. Chiny
97%
Gwiazda Dawida zastąpiona drzewem oliwnym. Izrael
97%
Czerwona Kropka = plama keczupu. Japonia
97%
Makaron pomalowany w trójkolorowe paski. Włochy
97%
Smok został zastąpiony przez Rayquazę. Bhutan
93%
Niebieskie kółko jest teraz emoji zamrożonej buzi 🥶. Brazylia
93%
Może tym razem się uda? Indie
93%
Drzewo zastąpione krzyżem maronickim. Liban
93%
Księżyc jest teraz bananem. Turcja
93%
Droga z miejscem parkingowym. Norwegia
90%
Trójząb zastąpiono sztućcami. Barbados
73%
Teraz są tylko tęczowe paski. Seszele
70%
Ta sama flaga, ale teraz dwoje oczu. Mauretania
63%
Nie znaleziono quizów pasujących do podanych kryteriów
Rozkład punktacji
Procent ludzi z każdym wynikiem
Percentyl według liczby udzielonych odpowiedzi
Twoja historia wyników
Nie rozwiązałeś tego quizu